1869 1533 1500 1972 1481 1654 1971 1502 1341 1000 1548 1169 1773 1642 1337 1452 1282 1473 1145 1077 1022 1273 1217 1513 1789 1817 1190 1266 1668 1307 1487 1211 1744 1552 1128 1515 1360 1144 1564 1135 1170 1689 1939 1324 1864 1611 1390 1120 1507 1023 1301 1787 1327 1238 1588 1243 1325 1120 1888 1870 1076 1103 1304 1601 1896 1446 1163 1859 1164 1381 1471 1512 1557 1060 1077 1196 1412 1620 1523 1527 1846 1616 1206 1498 1572 1123 1505 1840 1267 1506 1831 1498 1001 1959 1339 1944 1458 1193 1033 BCNSPRNW ULIB Ver.6.0+V

เปลี่ยนเป็นภาษาไทย

Change to English
 แสดงรายละเอียดบรรณานุกรม
  กลับหน้าหลัก

Brief Record : Get Marc (ISO 2709) : E-mail record : QR code < ปิดหน้าต่าง
LEADER : 00000nam 2200000uu 4500
001    13399112317
003     ULIB
008    110627s2554||||th 000 0 tha d
020    9786160602858
090    นว.^bT111H 2554
100 0  Tiara
245 00 How to love...ผูกใจรัก/^cTiara
250    พิมพ์ครั้งที่ 2
260    กรุงเทพฯ :^bแจ่มใส,^c2554
300    251 หน้า
710 1  แจ่มใส
945    ^p169^l0^i030405
995    ทศพร
999 ^a ใช้งานได้ทุกระบบ
รายการนี้ยังไม่มีแท็ก
คุณยังไม่ได้ล็อกอิน คุณสามารถมีกิจกรรมร่วมกับเว็บไซต์ได้ แต่ต้องล็อกอินก่อน ::
  ล็อกอิน

รายการสื่อสารสนเทศ

ลำดับที่ ประเภท เลขเรียก/บาร์โค้ด สถานที่ สถานะ
- ไม่พบข้อมูล -

รายการใกล้เคียง
    ผู้แต่ง [Tiara]

BibComment


ยังไม่เคยถูกคอมเมนท์

คอมเมนท์ทรัพยากรรายการนี้
  คอมเมนท์: How to loveผูกใจร..


 Copyright 2026. Bcnsprnw @Library